000 nam a22 7a 4500
999 _c7901
_d7901
008 171107b xxu||||| |||| 00| 0 eng d
100 _aLahaye.T.
_94366
245 _aThe Rise of Anti christ nicolae
260 _bAward Publications
_c1994